Čistenie odpadových vôd so separáciou kalu ponoreným membránovým modulom

Saved in:
Bibliographic Details
Main Author: Matulová, Zuzana
Format: Book
Language:Slovak
Published: Bratislava STU FCHPT 2009
Online Access:View in OPAC
Tags: Add Tag
No Tags, Be the first to tag this record!

MARC

LEADER 00000nam a2200000 a 4500
005 20260127134054.0
008 110204 2009 xo 000 0 slo d
035 |a vtls010208959 
039 9 |y 201102041017  |z mschk03 
040 |a STUSCHK1  |b slo  |c STUSCHK1  |e AACR2 
100 1 |a Matulová, Zuzana 
245 1 |a Čistenie odpadových vôd so separáciou kalu ponoreným membránovým modulom  |c Zuzana Matulová 
260 |a Bratislava  |b STU FCHPT  |c 2009 
300 |a 87 s.  |b il.  |c 30 cm 
500 |a Dizertačná práca 
500 |a Obháj.: 2.11. 2009 
500 |a Študijný program: Chemické inžinierstvo 
500 |a Študijný odbor: 5.2.17 Chemické inžinierstvo 
500 |a Fakultachemickej a potravinárskej technológie, Odd. environmentálneho inžinierstva 
910 |a SCHK95 
999 |c 3426  |d 3426